|
|
|
|
| LEADER |
01013nam a2200265 u 4500 |
| 001 |
10016070 |
| 003 |
upatras |
| 005 |
20250314130743.0 |
| 008 |
881025s1994 us eng |
| 020 |
|
|
|a 0194573826
|
| 040 |
|
|
|a GR-PaULI
|c GR-PaULI
|
| 041 |
0 |
|
|a eng
|
| 082 |
0 |
4 |
|a 372.652 1
|
| 100 |
1 |
|
|a Comfort, Jeremy
|9 15560
|
| 245 |
1 |
0 |
|a Basic technical english
|c Jeremy Comfort, Steve Hick, Allan Savage
|
| 260 |
|
|
|a Oxford
|b Oxford University Press
|c 1994
|
| 300 |
|
|
|a 90 p.
|b fig.
|c 25 cm
|
| 650 |
|
4 |
|a Αγγλική γλώσσα
|x Εκμάθηση
|9 1672
|
| 650 |
|
4 |
|a Αγγλική γλώσσα
|x Τεχνικά Αγγλικά
|9 116236
|
| 700 |
1 |
|
|a Hick, Steve
|9 136867
|
| 700 |
1 |
|
|a Savage, Allan
|9 136868
|
| 852 |
|
|
|a GR-PaULI
|b ΠΑΤΡΑ
|b ΒΚΠ
|b ΟΠΤ
|k Δ1Ν
|h 372.652 1 COM
|m 35719
|p 025000153695
|t 1
|
| 942 |
|
|
|2 ddc
|c BK1
|
| 952 |
|
|
|0 0
|1 0
|4 0
|6 372_652000000000000_1_COM
|7 0
|9 163662
|a LISP
|b LISP
|d 2016-04-24
|i 35719
|l 0
|o 372.652 1 COM
|p 025000153695
|r 2016-04-24 00:00:00
|t 1
|w 2016-04-24
|y BK1
|
| 999 |
|
|
|c 102657
|d 102657
|